000 00307nam a2200121Ia 4500
008 190216s9999||||xx |||||||||||||| ||und||
100 _aGopalan N
245 0 _aKerala Service Rules
260 _b"Gopalan P N , Kadambattu H, Alengadu"
_c1968
300 _a433p
650 _aGeneral Libraries
942 _cREF
999 _c35771
_d35771